BUBT Library Online Catalog

The return of the native : (Record no. 6550)

000 -LEADER
fixed length control field 00790nam a22002297a 4500
003 - CONTROL NUMBER IDENTIFIER
control field BUBTL
008 - FIXED-LENGTH DATA ELEMENTS--GENERAL INFORMATION
fixed length control field 211003b ||||| |||| 00| 0 eng d
020 ## - INTERNATIONAL STANDARD BOOK NUMBER
International Standard Book Number 0393097919
082 ## - DEWEY DECIMAL CLASSIFICATION NUMBER
Classification number 823.8/ H2222r/ 1969
100 ## - MAIN ENTRY--PERSONAL NAME
9 (RLIN) 4217
Personal name Hardy, Thomas
245 ## - TITLE STATEMENT
Title The return of the native :
Remainder of title authoritative text, background, criticism /
Statement of responsibility, etc. Thomas Hardy, James Gindin
250 ## - EDITION STATEMENT
Edition statement 1st Edn.
260 ## - PUBLICATION, DISTRIBUTION, ETC. (IMPRINT)
Place of publication, distribution, etc. New York:
Name of publisher, distributor, etc. W.W. Norton,
Date of publication, distribution, etc. c1969
300 ## - PHYSICAL DESCRIPTION
Extent 500 p. :
Dimensions 20 cm.
440 ## - SERIES STATEMENT/ADDED ENTRY--TITLE
9 (RLIN) 4237
Title A Norton Critical Edition.
505 ## - FORMATTED CONTENTS NOTE
Formatted contents note The return of the native, authoritative text, background, criticism, Thomas Hardy, James Gindin
650 #0 - SUBJECT ADDED ENTRY--TOPICAL TERM
9 (RLIN) 1994
Topical term or geographic name as entry element English Literature
700 ## - ADDED ENTRY--PERSONAL NAME
9 (RLIN) 4238
Personal name Gindin, James
856 ## - ELECTRONIC LOCATION AND ACCESS
Password 0
Logon 0
Link text Download
942 ## - ADDED ENTRY ELEMENTS (KOHA)
Source of classification or shelving scheme
Koha item type Books
Holdings
Withdrawn status Lost status Source of classification or shelving scheme Damaged status Not for loan Collection code Permanent location Current location Shelving location Date acquired Source of acquisition Inventory number Total Checkouts Full call number Barcode Date last seen Copy number Price effective from Koha item type
        Not For Loan Fiction Bangladesh University of Business and Technology Library Bangladesh University of Business and Technology Library English Literature Stacks 05/08/2008 Purchase 5233   823.8/ H2222r/ 1969 BUBTL-20035233 10/03/2021 C-1 10/03/2021 Books
          Fiction Bangladesh University of Business and Technology Library Bangladesh University of Business and Technology Library English Literature Stacks 05/08/2008 Purchase 5234   823.8/ H2222r/ 1969 BUBTL-20035234 10/03/2021 C-2 10/03/2021 Books
          Fiction Bangladesh University of Business and Technology Library Bangladesh University of Business and Technology Library English Literature Stacks 03/08/2012 Purchase 13382   823.8/ H2222r/ 1969 BUBTL-200313382 10/03/2021 C-3 10/03/2021 Books
          Fiction Bangladesh University of Business and Technology Library Bangladesh University of Business and Technology Library English Literature Stacks 03/08/2012 Purchase 13383   823.8/ H2222r/ 1969 BUBTL-200313383 10/03/2021 C-4 10/03/2021 Books

More Information About Library

Library Hours

  • Open: 9.00 am. to 9.00 pm.
  • Only Sunday: 9.00 am. to 6.00 pm.
  • Closed: Holiday

Contact to the University

Bangladesh University of Business and Technology Library

  • Mirpurl-2, 1216.
  • Phone:
  • Fax:
  • E-Mail: admin.library@bubt.edu.bd

Contact to the Library

Contact Person:

Md. Abdul Hakim Shah
Joint Librarian
PABX No:  113
Cell No: 01816332931
E-mail: official: admin.library@bubt.edu.bd
Personal: hakim.shah@bubt.edu.bd


BUBT Library

Copyright © 2021